00250nam a2200109Ia 4500008004100000100001900041245002500060260001700085650001400102942000700116999001700123190216s9999||||xx |||||||||||||| ||und|| aNaoli Michison 0aBhoomiyum Lakshmiyum bNbs Kottayam aMalayalam cBK c24737d24737